000
00256nam a2200109Ia 4500
008
240625s9999 xx 000 0 und d
041
_a
eng
082
_a
658.81 PAN
100
_a
PANDA TAPAN K
245
_a
SALES AND DISTRIBUTION MANAGEMENT
260
_c
2011
999
_c
38593
_d
38593